00413nam a2200181Ia 4500008004100000020001800041050001600059100002000075245001900095245002300114260001500137260001600152260000900168300001600177300002000193300001000213500000800223170918s9999 xx 000 0 und d a9780545391498 bW582pa 2010 aWhite, Kiersten aParanormalcy / cby Kiersten White. aNew York : bScholastic, c2010 a335 pages : billustrations ; c19cm. a580